01007 2200325 4500001002100000005001500021035002000036007000300056008004100059020002200100082001800122084002000140100003700160245010100197250001200298300004700310500001100357700003600368504003300404651003100437264004300468336002100511337003000532338002300562040002200585090002200607850001200629990002000641990002000661INLIS00000000087297120220912105707 a0010-0922000499ta220912s2021 yoio g e 1 0 ind d a978-623-91148-0-004223a959.88303 a959.88303 KUS e0 aKusnadi Wasried1968-ePengarang10aEnsiklopedia Indonesia :bProvinsi Papua Barat /cKusnadi Wasrie; penyunting, Th. Arie Prabawati aEdisi I avii, 133 halaman :bfoto berwarna ;c29 cm aIndeks1 aArie Prabawati, Th.ePenyunting aBibliografi: halaman 129-131 4aPapua Barat--vEnsiklopedi31aYogyakarta :bPustaka Referensi,c2021 2rdacontentateks 2rdamediaatanpa perantara 2rdacarrieravolume aYOPDYOGbinderda aR 959.88303 KUS e aYOPDYOG a45574-PD/B.2022 a45574-PD/B.2022